An introduction to clinical psychology /

Bibliographic Details
Main Author: Pennington, L. A. (Leon Alfred), 1908-
Other Authors: Berg, Irwin A. (Irwin August), 1913-2001
Format: Book
Language:English
Published: New York : Ronald Press Co., [1954]
Edition:2d ed.
Subjects:

MARC

Tag First Indicator Second Indicator Subfields
LEADER 00000cam a2200000 4500
001 in00000053147
005 20151007080455.0
008 721220s1954 eng u
010 |a  54006972  
035 |a (OCoLC)00522092 
035 |9 AAF4876AM 
040 |c OUN  |d TXA  |d UtOrBLW 
049 |a TXAM  |c [235795] 
050 0 0 |a RC467  |b .P4 1954 
082 0 |a 616.8 
092 |a 157.9  |b P414i 1954 
100 1 |a Pennington, L. A.  |q (Leon Alfred),  |d 1908- 
245 1 3 |a An introduction to clinical psychology /  |c edited by L. A. Pennington and Irwin A. Berg. 
250 |a 2d ed. 
264 1 |a New York :  |b Ronald Press Co.,  |c [1954] 
300 |a 709 pages :  |b illustrations ;  |c 24 cm. 
336 |a text  |b txt  |2 rdacontent 
337 |a unmediated  |b n  |2 rdamedia 
338 |a volume  |b nc  |2 rdacarrier 
504 |a Includes bibliography. 
650 0 |a Clinical psychology. 
700 1 |a Berg, Irwin A.  |q (Irwin August),  |d 1913-2001. 
999 |a MARS 
999 f f |s 9b9db1fd-1177-3d3b-be4e-83935f614638  |i e23439ea-d3d9-3fc4-ac04-dac7793de572  |t 0 
952 f f |p ric  |a Texas A&M University  |b Rellis Campus  |c Joint Library Facility  |d Remote Storage  |t 0  |e RC467 .P4 1954  |h Library of Congress classification  |i unmediated -- volume  |m A14800528461 
998 f f |a RC467 .P4 1954  |t 0  |l Remote Storage